[Event "Gijon RGCC op 7th"]
[Site "Gijon"]
[Date "2023.08.06"]
[Round "2"]
[White "Estevez Sacristan, Deva"]
[Black "Bringas Gomez, Artai"]
[Result "0-1"]
[WhiteElo "1920"]
[BlackElo "2220"]
[PlyCount "96"]
[EventDate "2023.08.05"]
[EventType "swiss"]
[EventRounds "9"]
[EventCountry "ESP"]
[SourceTitle "EXT 2024"]
[Source "ChessBase"]
[SourceDate "2023.10.10"]
[SourceVersion "1"]
[SourceVersionDate "2023.10.10"]
[SourceQuality "1"]

1. e4 c5 2. Nc3 Nc6 3. f4 g6 4. Nf3 Bg7 5. Bb5 Nd4 6. Bc4 a6 7. a4 e6 8. 0-0 Ne7 9. e5 d5 10. exd6 Nef5 11. Ne4 Nxd6 12. Nxd6+ Qxd6 13. c3 Nc6 14. Ng5 b6 15. f5 gxf5 16. Qh5 Ra7 17. d3 h6 18. Bf4 hxg5 19. Qxh8+ Bxh8 20. Bxd6 f4 21. Rae1 Rd7 22. Bxf4 gxf4 23. Rxf4 Ne5 24. Re3 Nxc4 25. Rxc4 a5 26. Rg4 Ke7 27. Rg8 Rd8 28. Reg3 Rf8 29. Rxf8 Kxf8 30. Rh3 Bg7 31. Kf1 Bd7 32. Rh4 f5 33. g4 Kf7 34. gxf5 exf5 35. Ke2 Kg6 36. d4 cxd4 37. cxd4 Bxa4 38. Ke3 Bh6+ 39. Kf3 Bc6+ 40. Kf2 b5 41. Rh3 b4 42. Rg3+ Kf7 43. Rh3 Bg7 44. Ke3 a4 45. Rg3 Be4 46. Rg1 Bh6+ 47. Ke2 a3 48. bxa3 b3 0-1

[Event "Madrid Alcorcon op 1st"]
[Site "Madrid"]
[Date "2022.12.27"]
[Round "3"]
[White "Estevez Sacristan, Deva"]
[Black "Bendahan, Isaac"]
[Result "1/2-1/2"]
[WhiteElo "1958"]
[BlackElo "1602"]
[PlyCount "131"]
[EventDate "2022.12.26"]
[EventType "swiss"]
[EventRounds "9"]
[EventCountry "ESP"]
[SourceTitle "CBM 212 Extra"]
[Source "ChessBase"]
[SourceDate "2023.03.31"]
[SourceVersion "1"]
[SourceVersionDate "2023.03.31"]
[SourceQuality "1"]

1. e4 c5 2. Nc3 e6 3. Nf3 Nc6 4. d4 cxd4 5. Nxd4 Nf6 6. Nxc6 bxc6 7. e5 Nd5 8. Ne4 Qc7 9. f4 Qb6 10. c4 Bb4+ 11. Ke2 Ba6 12. Kf3 f5 13. Nf2 Ne7 14. Be3 c5 15. h4 Qc6+ 16. Kg3 Rb8 17. Rb1 Ba5 18. Qd6 Rc8 19. Qxc6 Rxc6 20. a3 Bb6 21. Be2 Kf7 22. Rhd1 Rc7 23. Nh3 Rhc8 24. Rd6 Ke8 25. Rbd1 Nc6 26. Ng5 h6 27. Nf3 Na5 28. Nd2 Nb7 29. Rd3 Na5 30. b3 Nc6 31. Nf3 Bb7 32. Rd6 Rd8 33. Kh3 Ne7 34. b4 cxb4 35. Bxb6 axb6 36. axb4 Nc8 37. R6d2 Ke7 38. Nd4 d5 39. exd6+ Nxd6 40. Nb5 Rcd7 41. Nc3 Ne4 42. Rxd7+ Rxd7 43. Rxd7+ Kxd7 44. Nxe4 Bxe4 45. g4 fxg4+ 46. Kxg4 Bf5+ 47. Kf3 Kd6 48. Ke3 e5 49. fxe5+ Kxe5 50. Bf3 Be6 51. c5 bxc5 52. bxc5 Bd5 53. h5 Bxf3 54. Kxf3 Kd5 55. Kf4 Kxc5 56. Kf5 Kd6 57. Kg6 Ke7 58. Kxg7 Ke8 59. Kxh6 Kf8 60. Kh7 Kf7 61. Kh8 Kf8 62. h6 Kf7 63. Kh7 Kf8 64. Kg6 Kg8 65. h7+ Kh8 66. Kh6 1/2-1/2

[Event "Madrid Alcorcon op 1st"]
[Site "Madrid"]
[Date "2022.12.26"]
[Round "1"]
[White "Estevez Sacristan, Deva"]
[Black "Garcia Martin, Marco"]
[Result "1-0"]
[WhiteElo "1958"]
[BlackElo "1200"]
[PlyCount "45"]
[EventDate "2022.12.26"]
[EventType "swiss"]
[EventRounds "9"]
[EventCountry "ESP"]
[SourceTitle "CBM 212 Extra"]
[Source "ChessBase"]
[SourceDate "2023.03.31"]
[SourceVersion "1"]
[SourceVersionDate "2023.03.31"]
[SourceQuality "1"]

1. e4 e5 2. Nf3 Nc6 3. Bb5 a6 4. Ba4 Nf6 5. d3 Bc5 6. 0-0 d6 7. c3 0-0 8. Bg5 h6 9. Bh4 Bg4 10. Nbd2 d5 11. exd5 Qxd5 12. Bxf6 gxf6 13. Ne4 Be7 14. h3 Bh5 15. Bb3 Qd7 16. Nxe5 Nxe5 17. Qxh5 Kh7 18. d4 Ng6 19. Ng3 Bd6 20. f4 Nxf4 21. Bc2+ Ng6 22. Nf5 Rg8 23. Qxh6# 1-0

[Event "Madrid Alcorcon op 1st"]
[Site "Madrid"]
[Date "2022.12.26"]
[Round "2"]
[White "Fernandez Lledo, Javier"]
[Black "Estevez Sacristan, Deva"]
[Result "1-0"]
[WhiteElo "2273"]
[BlackElo "1958"]
[PlyCount "65"]
[EventDate "2022.12.26"]
[EventType "swiss"]
[EventRounds "9"]
[EventCountry "ESP"]
[SourceTitle "CBM 212 Extra"]
[Source "ChessBase"]
[SourceDate "2023.03.31"]
[SourceVersion "1"]
[SourceVersionDate "2023.03.31"]
[SourceQuality "1"]

1. Nf3 Nf6 2. b3 e6 3. Bb2 d5 4. g3 Be7 5. Bg2 0-0 6. 0-0 b6 7. c4 Bb7 8. e3 dxc4 9. bxc4 c5 10. Qe2 Nc6 11. Nc3 Qc8 12. d3 Rd8 13. Rad1 Rb8 14. Ne1 a6 15. f4 Na7 16. g4 Bxg2 17. Nxg2 b5 18. g5 Ne8 19. cxb5 axb5 20. Rf3 c4 21. Rh3 g6 22. Ne4 Rxd3 23. Be5 Qd8 24. Rf1 Rb6 25. Qg4 f5 26. Qh4 h5 27. Nf6+ Bxf6 28. gxf6 Kf7 29. Qg5 Nd6 30. Rxh5 Qg8 31. Rh6 Ne4 32. Qh4 g5 33. Qh5+ 1-0

[Event "Villa de Gijon op 6th"]
[Site "Gijon"]
[Date "2022.09.11"]
[Round "3"]
[White "Goluch, Piotr"]
[Black "Estevez Sacristan, Deva"]
[Result "1-0"]
[WhiteElo "2353"]
[BlackElo "2011"]
[PlyCount "75"]
[EventDate "2022.09.10"]
[EventType "swiss"]
[EventRounds "9"]
[EventCountry "ESP"]
[SourceTitle "CBM 210 Extra"]
[Source "ChessBase"]
[SourceDate "2022.11.30"]
[SourceVersion "1"]
[SourceVersionDate "2022.11.30"]
[SourceQuality "1"]

1. d4 Nf6 2. c4 e6 3. Nf3 Bb4+ 4. Nbd2 0-0 5. a3 Be7 6. e4 d5 7. e5 Ne4 8. Qc2 f5 9. exf6 Nxf6 10. Bd3 Nc6 11. c5 Qe8 12. b4 Qh5 13. Bb2 a6 14. Nf1 Bd7 15. Ng3 Qe8 16. 0-0 Nd8 17. a4 b5 18. Ne5 Nc6 19. Bc3 Rb8 20. axb5 axb5 21. Rfe1 Nd8 22. Ra7 Rb7 23. Ra8 c6 24. Bd2 Rc7 25. Bg5 g6 26. Bh6 Bc8 27. h4 Rf7 28. Nxf7 Qxf7 29. Bf4 Bb7 30. Ra7 Rc8 31. Qe2 Ne8 32. Qg4 Ng7 33. Be5 Nf5 34. h5 Bf8 35. hxg6 hxg6 36. Nh5 Be7 37. Nf4 g5 38. Nxe6 1-0

[Event "Oviedo op 8th"]
[Site "Oviedo"]
[Date "2022.07.23"]
[Round "9"]
[White "Lopez Varela, Pablo"]
[Black "Estevez Sacristan, Deva"]
[Result "1/2-1/2"]
[WhiteElo "2158"]
[BlackElo "1947"]
[PlyCount "51"]
[EventDate "2022.07.17"]
[EventType "swiss"]
[EventRounds "9"]
[EventCountry "ESP"]
[SourceTitle "CBM 209 Extra"]
[Source "ChessBase"]
[SourceDate "2022.09.30"]
[SourceVersion "1"]
[SourceVersionDate "2022.09.30"]
[SourceQuality "1"]

1. e4 c5 2. Nc3 Nc6 3. Bc4 g6 4. d3 Bg7 5. a3 d6 6. f4 e6 7. Nf3 Nge7 8. Ba2 0-0 9. 0-0 Rb8 10. Qe1 d5 11. Qh4 b5 12. f5 exf5 13. Bh6 dxe4 14. dxe4 c4 15. Rad1 Qb6+ 16. Kh1 f6 17. b3 Ba6 18. bxc4 bxc4 19. exf5 Bxh6 20. fxg6 Qe3 21. Bxc4+ Bxc4 22. Qxc4+ Kh8 23. gxh7 Na5 24. Qc7 Rbc8 25. Qxa5 Qxc3 26. Qxa7 1/2-1/2

[Event "Madrid-chT 2021"]
[Site "Madrid"]
[Date "2021.05.30"]
[Round "13.6"]
[White "Estevez Sacristan, Deva"]
[Black "Ruiz Buendia, Miguel"]
[Result "0-1"]
[WhiteElo "1932"]
[BlackElo "2138"]
[PlyCount "72"]
[EventDate "2021.01.23"]
[EventType "team-tourn"]
[EventRounds "14"]
[EventCountry "ESP"]
[SourceTitle "EXT 2022"]
[Source "ChessBase"]
[SourceDate "2021.10.06"]
[SourceVersion "1"]
[SourceVersionDate "2021.10.06"]
[SourceQuality "1"]
[WhiteTeam "Villalba 64"]
[BlackTeam "Collado Villalba"]
[WhiteTeamCountry "ESP"]
[BlackTeamCountry "ESP"]

1. e4 c5 2. Nc3 a6 3. g3 b5 4. Bg2 Bb7 5. d3 e6 6. Nf3 d6 7. 0-0 Be7 8. a3 Nf6 9. Re1 0-0 10. h3 Qc7 11. Be3 Nc6 12. Qd2 Rad8 13. g4 d5 14. exd5 Nxd5 15. Nxd5 Rxd5 16. Bf4 Bd6 17. Bxd6 Rxd6 18. Qf4 Ne7 19. Nd2 Ng6 20. Qg3 Bxg2 21. Kxg2 Qc6+ 22. f3 Rd4 23. Re4 e5 24. Rae1 Rfd8 25. Nf1 c4 26. dxc4 bxc4 27. Rxd4 Rxd4 28. Qf2 Qb7 29. c3 Rd3 30. Re4 Nf4+ 31. Kh2 Rd1 32. Rxc4 g6 33. Rb4 Qd7 34. Rb8+ Kg7 35. h4 Qd3 36. Qe3 Qc2+ 0-1

[Event "EU-ch Amateur Online 1700/2000"]
[Site "Tornelo INT"]
[Date "2021.04.24"]
[Round "6"]
[White "Estevez Sacristan, Deva"]
[Black "Karagiannis, Thomas Aristotelis"]
[Result "0-1"]
[WhiteElo "1961"]
[BlackElo "1760"]
[PlyCount "52"]
[EventDate "2021.04.24"]
[EventType "swiss (rapid)"]
[EventRounds "8"]
[EventCountry "NET"]
[SourceTitle "EXT 2023"]
[Source "ChessBase"]
[SourceDate "2022.10.05"]
[SourceVersion "1"]
[SourceVersionDate "2022.10.05"]
[SourceQuality "1"]

1. e4 d5 2. exd5 Qxd5 3. Nc3 Qa5 4. g3 Nf6 5. Bg2 c6 6. Nf3 Bg4 7. 0-0 e6 8. h3 Bxf3 9. Qxf3 Bd6 10. d4 Nbd7 11. Re1 0-0 12. Bg5 Qxg5 13. Ne4 Nxe4 14. Rxe4 Nf6 15. h4 Qd5 16. Ree1 Qxf3 17. Bxf3 Rfe8 18. Rad1 Rad8 19. Re2 Bc7 20. Kg2 e5 21. Red2 e4 22. Be2 Bb6 23. c3 g6 24. g4 Nd5 25. Kg3 Bc7+ 26. Kh3 Nf4+ 0-1

[Event "EU-Cup Online Gr-D"]
[Site "Tornelo INT"]
[Date "2021.03.28"]
[Round "8.4"]
[White "Estevez Sacristan, Deva"]
[Black "Erdogmus, Yagiz Kaan"]
[Result "0-1"]
[WhiteElo "1932"]
[BlackElo "1955"]
[PlyCount "66"]
[EventDate "2021.03.27"]
[EventType "team-tourn (rapid)"]
[EventRounds "9"]
[EventCountry "NET"]
[SourceTitle "CBM 201 Extra"]
[Source "ChessBase"]
[SourceDate "2021.05.31"]
[SourceVersion "1"]
[SourceVersionDate "2021.05.31"]
[SourceQuality "1"]
[WhiteTeam "Villalba 64 Miscasa II"]
[BlackTeam "Bursa Buyuksehir"]
[WhiteTeamCountry "ESP"]
[BlackTeamCountry "TUR"]

1. e4 c5 2. Nc3 e6 3. Nf3 Nc6 4. d4 cxd4 5. Nxd4 Nf6 6. g3 Bb4 7. Bg2 0-0 8. 0-0 d6 9. Nxc6 bxc6 10. Na4 Ba6 11. c3 Bxf1 12. Qxf1 Ba5 13. Bg5 h6 14. Bf4 Bc7 15. Rd1 d5 16. Be3 Ng4 17. Bc5 Bd6 18. h3 Bxc5 19. Nxc5 Ne5 20. exd5 cxd5 21. Qe2 Qc7 22. Na6 Qb6 23. Qxe5 Qxa6 24. a3 Rab8 25. Rd2 Rb3 26. Rd4 f6 27. Qc7 Rb7 28. Qc5 Rxb2 29. Rd1 Qb6 30. Qxb6 axb6 31. Re1 Kf7 32. Bf1 Rc8 33. Bb5 Rxb5 0-1

[Event "EU-Cup Online Gr-D"]
[Site "Tornelo INT"]
[Date "2021.03.28"]
[Round "6.4"]
[White "Muminova, Nafisa"]
[Black "Estevez Sacristan, Deva"]
[Result "1-0"]
[WhiteElo "2274"]
[BlackElo "1932"]
[PlyCount "57"]
[EventDate "2021.03.27"]
[EventType "team-tourn (rapid)"]
[EventRounds "9"]
[EventCountry "NET"]
[SourceTitle "CBM 201 Extra"]
[Source "ChessBase"]
[SourceDate "2021.05.31"]
[SourceVersion "1"]
[SourceVersionDate "2021.05.31"]
[SourceQuality "1"]
[WhiteTeam "Tremblay en France Girls"]
[BlackTeam "Villalba 64 Miscasa II"]
[WhiteTeamCountry "FRA"]
[BlackTeamCountry "ESP"]

1. d4 f5 2. Nc3 Nf6 3. Bg5 d5 4. e3 Be6 5. Nf3 Ne4 6. Nxe4 fxe4 7. Ne5 g6 8. f3 Bg7 9. Be2 0-0 10. 0-0 exf3 11. Bxf3 c5 12. c3 Na6 13. Bg4 Bxg4 14. Qxg4 Qd6 15. Bf4 Qf6 16. Bg3 Qb6 17. Nd7 Rxf1+ 18. Rxf1 Qc6 19. Ne5 Qb6 20. Qd7 cxd4 21. exd4 Qd6 22. Qxb7 Rb8 23. Qxa7 Qe6 24. Nc6 Qxc6 25. Bxb8 Qc8 26. Bg3 h6 27. h3 Kh7 28. Qxe7 Qg8 29. Rf7 1-0

[Event "ESP-ch U16"]
[Site "Salobrena"]
[Date "2020.08.11"]
[Round "3"]
[White "Carbonell Sancho, Marc"]
[Black "Estevez Sacristan, Deva"]
[Result "1-0"]
[WhiteElo "2187"]
[BlackElo "1779"]
[PlyCount "75"]
[EventDate "2020.08.10"]
[EventType "swiss"]
[EventRounds "9"]
[EventCountry "ESP"]
[SourceTitle "EXT 2021"]
[Source "ChessBase"]
[SourceDate "2020.10.23"]
[SourceVersion "1"]
[SourceVersionDate "2020.10.23"]
[SourceQuality "1"]

1. e4 e6 2. d4 d5 3. Nc3 Nf6 4. e5 Nfd7 5. f4 c5 6. Nf3 Nc6 7. Be3 a6 8. Qd2 b5 9. dxc5 Bxc5 10. Bd3 Qb6 11. Bf2 Bb7 12. 0-0 h6 13. Ne2 Ne7 14. Ned4 g6 15. b4 Bxd4 16. Nxd4 Qc7 17. a4 bxa4 18. Rxa4 Nb6 19. Ra2 Nc4 20. Qe2 0-0 21. c3 Kh7 22. Nb3 Rfc8 23. Nc5 Qc6 24. h4 a5 25. b5 Qc7 26. h5 Rg8 27. hxg6+ Nxg6 28. Bd4 Qe7 29. Qh5 Rac8 30. Nxb7 Qxb7 31. Rf3 Qe7 32. Raf2 a4 33. f5 exf5 34. Rxf5 Rc7 35. Rf6 a3 36. b6 Rb7 37. e6 Rg7 38. exf7 1-0

[Event "ESP-ch U16"]
[Site "Salobrena"]
[Date "2020.08.10"]
[Round "2"]
[White "Estevez Sacristan, Deva"]
[Black "Del Carmen Hernandez, Aimer"]
[Result "0-1"]
[WhiteElo "1779"]
[BlackElo "2037"]
[PlyCount "60"]
[EventDate "2020.08.10"]
[EventType "swiss"]
[EventRounds "9"]
[EventCountry "ESP"]
[SourceTitle "EXT 2021"]
[Source "ChessBase"]
[SourceDate "2020.10.23"]
[SourceVersion "1"]
[SourceVersionDate "2020.10.23"]
[SourceQuality "1"]

1. e4 c5 2. Nc3 Nc6 3. Nf3 g6 4. d4 cxd4 5. Nxd4 Bg7 6. Be3 Nf6 7. Bc4 0-0 8. Bb3 Qa5 9. f3 d6 10. Qd2 Bd7 11. 0-0-0 Rac8 12. Kb1 Ne5 13. Nd5 Qd8 14. Nxf6+ Bxf6 15. Bh6 Nc4 16. Qe2 Qb6 17. Bxf8 Bxd4 18. c3 Nxb2 19. Rxd4 Na4 20. Rxa4 Bxa4 21. Bxe7 Bxb3 22. axb3 Qxb3+ 23. Qb2 Qc4 24. Rd1 Rc6 25. Kc2 Rb6 26. Qa3 Ra6 27. Qb4 Qe2+ 28. Rd2 Ra2+ 29. Kb3 Rxd2 30. Qa3 b5 0-1

[Event "Madrid-ch Previa-B"]
[Site "Madrid"]
[Date "2020.02.21"]
[Round "6"]
[White "Rey Martinez, Jaime"]
[Black "Estevez Sacristan, Deva"]
[Result "1/2-1/2"]
[WhiteElo "1687"]
[BlackElo "1885"]
[PlyCount "101"]
[EventDate "2020.02.06"]
[EventType "swiss"]
[EventRounds "9"]
[EventCountry "ESP"]
[SourceTitle "CBM 195 Extra"]
[Source "ChessBase"]
[SourceDate "2020.05.31"]
[SourceVersion "1"]
[SourceVersionDate "2020.05.31"]
[SourceQuality "1"]

1. e4 e6 2. d4 d5 3. Bd3 dxe4 4. Bxe4 Nf6 5. Bf3 Nbd7 6. Ne2 e5 7. Ng3 Bd6 8. 0-0 0-0 9. Nf5 e4 10. Bxe4 Nxe4 11. Qg4 g6 12. Nh6+ Kg7 13. Qxe4 f5 14. Qf3 Qh4 15. g3 Qxd4 16. Nc3 c6 17. Bg5 Ne5 18. Qe3 Qxe3 19. fxe3 Nc4 20. Rad1 Bc5 21. Rf3 Re8 22. Re1 Be6 23. b3 Ne5 24. Rf4 Be7 25. h4 Bxg5 26. hxg5 Bd5 27. Nxd5 cxd5 28. g4 Nxg4 29. Nxg4 fxg4 30. Rxg4 Rac8 31. Re2 Re5 32. Kf2 Rf8+ 33. Ke1 Rff5 34. Ra4 a6 35. Rb4 b5 36. a4 bxa4 37. Rxa4 Re6 38. Rg4 Kf7 39. Kd2 Ke7 40. Rh2 Kd6 41. Ra4 Kc5 42. Rxh7 Rxg5 43. Rg7 Rg2+ 44. Kd3 Kb5 45. Rb7+ Kc5 46. b4+ Kc6 47. Rxa6+ Kxb7 48. Rxe6 Rg4 49. c3 Kc7 50. Rf6 g5 51. Rg6 1/2-1/2

[Event "Madrid-ch Previa-B"]
[Site "Madrid"]
[Date "2020.02.06"]
[Round "1"]
[White "Cujba, Anca Claudia"]
[Black "Estevez Sacristan, Deva"]
[Result "0-1"]
[WhiteElo "1591"]
[BlackElo "1885"]
[PlyCount "104"]
[EventDate "2020.02.06"]
[EventType "swiss"]
[EventRounds "9"]
[EventCountry "ESP"]
[SourceTitle "CBM 195 Extra"]
[Source "ChessBase"]
[SourceDate "2020.05.31"]
[SourceVersion "1"]
[SourceVersionDate "2020.05.31"]
[SourceQuality "1"]

1. d4 d5 2. g3 Nf6 3. Bg2 Bf5 4. Nf3 e6 5. c4 Bd6 6. Qb3 dxc4 7. Qxb7 Be4 8. Qb5+ Nc6 9. a3 0-0 10. Qxc4 Rb8 11. Nbd2 Bd5 12. Qa4 e5 13. dxe5 Nxe5 14. 0-0 Nxf3+ 15. Bxf3 Bc5 16. Bxd5 Qxd5 17. Qc4 Qh5 18. Nf3 Rfe8 19. b4 Bb6 20. Bb2 Ne4 21. Rad1 Re6 22. Rd5 Qh3 23. Nd4 Qxf1+ 24. Kxf1 Nd2+ 25. Kg2 Nxc4 26. Bc1 Bxd4 27. Rxd4 Nd6 28. e3 Kf8 29. Bb2 g6 30. Rh4 h5 31. g4 Rb5 32. Bd4 a5 33. Bc5 axb4 34. axb4 hxg4 35. Rxg4 Ke8 36. Rh4 Kd7 37. Rh7 Kc6 38. Rh4 Ne4 39. Bf8 Nd6 40. Rh7 Rxb4 41. Bxd6 Kxd6 42. Rxf7 c5 43. Kf1 Rb2 44. Rf4 Kd5 45. h4 c4 46. Rd4+ Kc5 47. h5 gxh5 48. Rh4 c3 49. Rxh5+ Kc4 50. Rh4+ Kb3 51. Rh8 c2 52. Rb8+ Ka2 0-1

[Event "De los Reyes op 21st"]
[Site "De los Reyes"]
[Date "2019.12.07"]
[Round "8"]
[White "Estevez Sacristan, Deva"]
[Black "Alonso Abad, Enrique"]
[Result "1/2-1/2"]
[WhiteElo "1747"]
[BlackElo "1994"]
[PlyCount "44"]
[EventDate "2019.11.30"]
[EventType "swiss"]
[EventRounds "9"]
[EventCountry "ESP"]
[SourceTitle "CBM 193 Extra"]
[Source "ChessBase"]
[SourceDate "2020.01.31"]
[SourceVersion "1"]
[SourceVersionDate "2020.01.31"]
[SourceQuality "1"]

1. e4 e6 2. d4 d5 3. Nd2 h6 4. Bd3 Nf6 5. e5 Nfd7 6. Ne2 c5 7. c3 Nc6 8. 0-0 cxd4 9. cxd4 Qb6 10. Nf3 g5 11. h3 Bg7 12. Bb1 Nf8 13. b3 Ng6 14. Bxg6 fxg6 15. Qd3 0-0 16. Qxg6 Bd7 17. Ba3 Rxf3 18. gxf3 Qa6 19. Ng3 Qxa3 20. Nh5 Qe7 21. Nf6+ Kf8 22. Nh7+ Kg8 1/2-1/2

[Event "De los Reyes op 21st"]
[Site "De los Reyes"]
[Date "2019.12.06"]
[Round "7"]
[White "Lopez Ibarra Perdones, Miguel"]
[Black "Estevez Sacristan, Deva"]
[Result "0-1"]
[WhiteElo "1136"]
[BlackElo "1747"]
[PlyCount "26"]
[EventDate "2019.11.30"]
[EventType "swiss"]
[EventRounds "9"]
[EventCountry "ESP"]
[SourceTitle "CBM 193 Extra"]
[Source "ChessBase"]
[SourceDate "2020.01.31"]
[SourceVersion "1"]
[SourceVersionDate "2020.01.31"]
[SourceQuality "1"]

1. e4 e6 2. d4 d5 3. e5 c5 4. c3 Nc6 5. Nf3 Nge7 6. Be3 cxd4 7. Bxd4 Ng6 8. Bd3 Qc7 9. Qe2 Nxd4 10. cxd4 Qc1+ 11. Qd1 Qxb2 12. Qd2 Bb4 13. Qxb4 Qxb4+ 0-1

[Event "De los Reyes op 21st"]
[Site "De los Reyes"]
[Date "2019.12.05"]
[Round "6"]
[White "Estevez Sacristan, Deva"]
[Black "Sacristan Virseda, Fernando"]
[Result "0-1"]
[WhiteElo "1747"]
[BlackElo "1880"]
[PlyCount "114"]
[EventDate "2019.11.30"]
[EventType "swiss"]
[EventRounds "9"]
[EventCountry "ESP"]
[SourceTitle "CBM 193 Extra"]
[Source "ChessBase"]
[SourceDate "2020.01.31"]
[SourceVersion "1"]
[SourceVersionDate "2020.01.31"]
[SourceQuality "1"]

1. e4 c5 2. Nf3 e6 3. d4 cxd4 4. Nxd4 Nf6 5. Nc3 Nc6 6. Ndb5 Bb4 7. Bf4 Nxe4 8. Qf3 f5 9. Nc7+ Kf7 10. Nxa8 Qa5 11. Bd2 Ne5 12. Qh3 Nxd2 13. Kxd2 Ng4 14. Qf3 Bc5 15. Bd3 d5 16. Kc1 Nxf2 17. Rf1 Nxd3+ 18. Qxd3 Bd6 19. g4 g6 20. gxf5 gxf5 21. Qh3 Be5 22. Qh5+ Ke7 23. Qh4+ Kd6 24. a3 Bd7 25. Qb4+ Qxb4 26. axb4 Rxa8 27. Rf2 a6 28. Kd2 Rg8 29. Re1 Rg4 30. Rfe2 Rd4+ 31. Kc1 Bf4+ 32. Kb1 Rxb4 33. Rg2 Be5 34. Nd1 Rg4 35. Rxg4 fxg4 36. Re2 Bb5 37. Rg2 h5 38. Nf2 Bf4 39. Nd3 e5 40. Rf2 Bxd3 41. cxd3 h4 42. Kc2 h3 43. Kd1 g3 44. hxg3 Bxg3 45. Rf6+ Kc5 46. Rh6 h2 47. Rh7 Kd4 48. Ke2 e4 49. dxe4 dxe4 50. Rd7+ Kc4 51. Rh7 b5 52. Rh3 Bf4 53. Kd1 a5 54. Kc2 e3 55. Kd1 Kd3 56. Ke1 Bg3+ 57. Kf1 e2+ 0-1

[Event "De los Reyes op 21st"]
[Site "De los Reyes"]
[Date "2019.12.01"]
[Round "2"]
[White "Estevez Sacristan, Deva"]
[Black "Ramos Fernandez, Pedro"]
[Result "0-1"]
[WhiteElo "1747"]
[BlackElo "2008"]
[PlyCount "106"]
[EventDate "2019.11.30"]
[EventType "swiss"]
[EventRounds "9"]
[EventCountry "ESP"]
[SourceTitle "CBM 193 Extra"]
[Source "ChessBase"]
[SourceDate "2020.01.31"]
[SourceVersion "1"]
[SourceVersionDate "2020.01.31"]
[SourceQuality "1"]

1. e4 e5 2. Nf3 Nc6 3. Bb5 Nge7 4. 0-0 d6 5. c3 a6 6. Ba4 b5 7. Bc2 Ng6 8. Re1 Bg4 9. h3 Bxf3 10. Qxf3 Be7 11. a4 0-0 12. d3 b4 13. Nd2 Rb8 14. Nf1 Bg5 15. Ne3 b3 16. Bd1 Bxe3 17. Bxe3 Na5 18. g3 c5 19. h4 Ne7 20. h5 f5 21. h6 f4 22. Qg4 Ng6 23. Bd2 gxh6 24. Ra3 Kh8 25. Qh3 c4 26. d4 Rg8 27. Kh2 Qf6 28. Rf1 Rbf8 29. Be2 Qg7 30. Raa1 f3 31. Bxh6 Qb7 32. Bd1 Qxe4 33. Bxf8 Rxf8 34. Qd7 Qd3 35. Kg1 exd4 36. cxd4 Qxd4 37. Qc7 Qxb2 38. Qxa5 Qxa1 39. Bxb3 Qe5 40. Qxe5+ Nxe5 41. Bc2 Rb8 42. Rd1 Rb2 43. Be4 c3 44. Rc1 Rb3 45. Kf1 Kg7 46. Ke1 d5 47. Bc2 Rb2 48. Kd1 d4 49. Rb1 Rxb1+ 50. Bxb1 d3 51. Ba2 Ng4 52. Bd5 Nxf2+ 53. Kc1 d2+ 0-1

[Event "ESP-chT CECLUB Div2"]
[Site "Linares"]
[Date "2019.08.20"]
[Round "2.1"]
[White "Sosa Suarez, Carla Cristina"]
[Black "Estevez Sacristan, Deva"]
[Result "1-0"]
[WhiteElo "2135"]
[BlackElo "1957"]
[PlyCount "121"]
[EventDate "2019.08.19"]
[EventType "team-swiss"]
[EventRounds "7"]
[EventCountry "ESP"]
[SourceTitle "EXT 2020"]
[Source "ChessBase"]
[SourceDate "2019.10.17"]
[SourceVersion "1"]
[SourceVersionDate "2019.10.17"]
[SourceQuality "1"]
[WhiteTeam "Sestao"]
[BlackTeam "Liberty Chess"]
[WhiteTeamCountry "ESP"]
[BlackTeamCountry "ESP"]

1. e4 c5 2. Nf3 g6 3. d4 cxd4 4. Nxd4 Nc6 5. c4 Nf6 6. Nc3 d6 7. Be2 Nxd4 8. Qxd4 Bg7 9. Be3 0-0 10. Qd3 Ng4 11. Bxg4 Bxg4 12. 0-0 Be6 13. Bd4 Qc7 14. b3 Bxd4 15. Qxd4 Qc5 16. Qd2 Rfe8 17. Rae1 a6 18. Nd5 b5 19. b4 Qa7 20. Rc1 Rac8 21. cxb5 axb5 22. h4 Bxd5 23. Qxd5 Qa8 24. Qxb5 Qxa2 25. h5 Qe6 26. Rxc8 Rxc8 27. Qb7 gxh5 28. Ra1 Kg7 29. b5 Qe5 30. Qa6 Rb8 31. Rb1 Qxe4 32. Qa1+ Qe5 33. Qa4 Qf5 34. Rb3 Qe5 35. Qb4 f6 36. Rg3+ Kf7 37. Qb3+ d5 38. b6 h4 39. Re3 Qd6 40. b7 Qc6 41. Qd3 Qc1+ 42. Kh2 Qc7+ 43. g3 Qxb7 44. Qxh7+ Ke8 45. Qg6+ Kd8 46. Qg8+ Kd7 47. Qe6+ Kd8 48. Rd3 hxg3+ 49. Rxg3 Qb6 50. Rg8+ Kc7 51. Qxe7+ Kc6 52. Qxf6+ Kc5 53. Qc3+ Kb5 54. Qd3+ Ka4 55. Rg4+ Ka5 56. Qa3+ Kb5 57. Rb4+ Kc6 58. Rxb6+ Rxb6 59. Qc3+ Kd6 60. Qd4 Rc6 61. f4 1-0

[Event "Tres Cantos op 11th"]
[Site "Tres Cantos"]
[Date "2019.06.27"]
[Round "6"]
[White "Alvarez Gonzalez, Eduardo"]
[Black "Estevez Sacristan, Deva"]
[Result "1-0"]
[WhiteElo "1772"]
[BlackElo "1994"]
[PlyCount "77"]
[EventDate "2019.06.22"]
[EventType "swiss"]
[EventRounds "9"]
[EventCountry "ESP"]
[SourceTitle "CBM 195 Extra"]
[Source "ChessBase"]
[SourceDate "2020.05.31"]
[SourceVersion "1"]
[SourceVersionDate "2020.05.31"]
[SourceQuality "1"]

1. d4 f5 2. g3 Nf6 3. Bg2 g6 4. c4 Bg7 5. Nc3 0-0 6. Nf3 d6 7. 0-0 Nc6 8. d5 Ne5 9. Nxe5 dxe5 10. Qb3 h6 11. e4 f4 12. gxf4 exf4 13. Bxf4 Nxe4 14. Bxc7 Qxc7 15. Nxe4 Qf4 16. Rab1 Bf5 17. Qe3 Qc7 18. b3 g5 19. Rbe1 Rae8 20. Ng3 Bg6 21. Be4 Bxe4 22. Qxe4 Rf6 23. Nh5 Ra6 24. Nxg7 Kxg7 25. a4 Rf6 26. Re3 a5 27. Rfe1 Qd6 28. Rf3 Ref8 29. Qxe7+ R8f7 30. Qxd6 Rxd6 31. Rxf7+ Kxf7 32. Kg2 Rb6 33. Re3 Rd6 34. Kg3 Kf6 35. f4 gxf4+ 36. Kxf4 b6 37. h3 Kf7 38. Ke5 Rd8 39. Kd4 1-0